banner koha

Eficiência técnica e heterogeneidade tecnológica na agropecuária das regiões semiárida e não semiárida do Nordeste brasileiro (Registro n. 341497)

MARC details
000 -LÍDER
fixed length control field 02779nab a2200301 i 4500
003 - CÓDIGO MARC DA AGÊNCIA CATALOGADORA
Campo de controle BR-BrBNA
005 - DATA E HORA DA ÚLTIMA ATUALIZAÇÃO
Campo de controle 20260422150940.0
008 - CAMPO DE TAMANHO FIXO
fixed length control field 260422b2019 bl.mr|pooa||| 00| 0 por |
040 ## - FONTE DA CATALOGAÇÃO
Agência catalogadora BR-BrBNA
Idioma da catalogação por
072 ## - CATEGORIA AGRIS
Código AGRIS E14
100 ## - ENTRADA PRINCIPAL - NOME PESSOAL
Nome pessoal Silva, Felipe Pinto da
100 ## - ENTRADA PRINCIPAL - NOME PESSOAL
Nome pessoal Araujo, Jair Andrade
100 ## - ENTRADA PRINCIPAL - NOME PESSOAL
Nome pessoal Costa, Edward Martins
100 ## - ENTRADA PRINCIPAL - NOME PESSOAL
Nome pessoal Vieira Filho, José Eustáquio Ribeiro
245 ## - TÍTULO PRINCIPAL
Título principal Eficiência técnica e heterogeneidade tecnológica na agropecuária das regiões semiárida e não semiárida do Nordeste brasileiro
500 ## - NOTA GERAL
Nota geral Publicação on-line; 37 ref.; 6 tables; Sumaries (Pt, En)
942 ## - ADDED ENTRY ELEMENTS (KOHA)
Koha item type Analítica
520 ## - NOTA DE RESUMO
Nota de conteúdo <br/><br/>Resumo: Este estudo busca analisar as diferenças tecnológicas da produção agropecuária entre os municípios situados no semiárido e no não semiárido do Nordeste brasileiro. Utiliza-se o modelo de meta-fronteira tecnológica, proposta por Battese, Rao e O’Donnell (2004) (2004) e O’Donnell et al. (2008), para responder até que ponto essas diferenças regionais influenciam na eficiência da produção. Constatou-se que a hipótese de que os municípios pertencentes ao semiárido e ao não semiárido deparam-se com diferentes oportunidades de produção. Os resultados indicaram que, quando comparadas as duas regiões, o não semiárido possui a maior eficiência técnica média com referência à meta-fronteira. <br/><br/>Palavras-chave: agricultura, tecnologia, semiárido nordestino, fronteira de produção.
520 ## - NOTA DE RESUMO
Nota de conteúdo <br/><br/>Abstract: This study aims to analyze the technological differences in agricultural production between the municipalities in the semiarid and non-semiarid Northeast Brazil. It uses the technological meta-frontier model proposed by Battese, Rao e O’Donnell (2004), and O’Donnell, Rao e Battese (2008), for responding to what extent these regional differences influence the efficiency of production. It was observed that the hypothesis that the municipalities belonging to the semiarid and non-semiarid face with different production opportunities. The results indicated, that comparing both regions, the non-semiarid region has the highest average technical efficiency with reference to meta-frontier. <br/><br/>Key-words: agriculture, technology, semi-arid northeast, production frontier.
650 ## - ASSUNTO - THESAGRO
Cabeçalho tópico ou nome geográfico AGRICULTURA
650 ## - ASSUNTO - THESAGRO
Cabeçalho tópico ou nome geográfico CONDIÇÃO AMBIENTAL
650 ## - ASSUNTO - THESAGRO
Cabeçalho tópico ou nome geográfico TECNOLOGIA
650 ## - ASSUNTO - THESAGRO
Cabeçalho tópico ou nome geográfico NORDESTE
650 ## - ASSUNTO - THESAGRO
Cabeçalho tópico ou nome geográfico DESENVOLVIMETO RURAL
773 0# - ENTRADA ANALÍTICA
Host Biblionumber 3564
Registro do item 316865
Imprenta Brasília-DF Sociedade Brasileira de Economia e Sociologia Rural 1988
Outro identificador 2024-3409
Título Revista de Economia e Sociologia Rural (Brazil)
ISSN 0103-2003
Colação v. 57 (3) p. 379-395; (2019)
Número de controle de registro BR2025004911
856 ## - ACESSO E ENDEREÇO ELETRÔNICO
Identificador uniforme de recurso - URI https://www.scielo.br/j/resr/a/qYQXgM6ZPhztDc8YCbn6Znc/?format=pdf&lang=pt

Nenhum exemplar disponível.

BINAGRI

Telefone: (61)3218-2567/2388/3357/2097 - binagri@agro.gov.br

Ministério da Agricultura e Pecuária , Esplanada dos Ministérios, Bloco D, Anexo B, Brasília/DF, CEP: 70.043-900